Instalación de una biblioteca en la escuela Proyecto Agrario, distrito educativo 16-02 Fantino / Noemy Yvelisse Rosario Bourdierd, María de los Reyes Suero Suero ; asesor Antonio Rosario Gómez. (Registro nro. 10107)

Detalles MARC
000 -LEADER
fixed length control field 01103nam a22002291a 4500
001 - CONTROL NUMBER
control field 10107
003 - CONTROL NUMBER IDENTIFIER
control field OSt
005 - DATE AND TIME OF LATEST TRANSACTION
control field 20260204212146.0
008 - FIXED-LENGTH DATA ELEMENTS--GENERAL INFORMATION
fixed length control field 070903s2006||||dr ||||||b||||||||||spa||
090 ## - LOCALLY ASSIGNED LC-TYPE CALL NUMBER (OCLC); LOCAL CALL NUMBER (RLIN)
Classification number (OCLC) (R) ; Classification number, CALL (RLIN) (NR) ESP-GCE 2006 R67
100 1# - ASIENTO PRINCIPAL -- NOMBRE PERSONAL
Personal name Rosario Bourdierd, Noemy Yvelisse
Relator term sustentante
245 1# - TÍTULO PROPIAMENTE DICHO: SUBTÍTULO
Title Instalación de una biblioteca en la escuela Proyecto Agrario, distrito educativo 16-02 Fantino / Noemy Yvelisse Rosario Bourdierd, María de los Reyes Suero Suero ; asesor Antonio Rosario Gómez.
260 ## - PUBLICATION, DISTRIBUTION, ETC.
Place of publication, distribution, etc. Cotuí, República Dominicana :
Name of publisher, distributor, etc. UTECO,
Date of publication, distribution, etc. 2006
502 ## - THESIS NOTE
Dissertation note Tesis ( Especialidad en Planificación y Gestión de Centros Educativos)--Universidad Tecnológica del Cibao Oriental, 2006.<br/>
504 ## - BIBLIOGRAPHY, ETC. NOTE
Bibliography, etc. note incluye referencia bibliográfica e índice<br/>
650 #4 - ASIENTO SECUNDARIO DE MATERIA -- TERMINO TOPICO
Asiento secundario de materia Instalación de una biblioteca en la escuela
700 1# - ASIENTO SECUNDARIO -- NOMBRE PERSONAL
Personal name Rosario Bourdierd, Noemy Yvelisse
Relator term sustentante
700 1# - ASIENTO SECUNDARIO -- NOMBRE PERSONAL
Personal name Suero Suero, María de los Reyes
Relator term sustentante
700 1# - ASIENTO SECUNDARIO -- NOMBRE PERSONAL
Personal name Gómez, Antonio Rosario
Relator term asesor
830 ## - ASIENTO SECUNDARIO DE SERIE - TÍTULO UNIFORME
Uniform title Tesis y disertaciones académicas (Universidad Tecnológica del Cibao Oriental)
942 ## - ADDED ENTRY ELEMENTS (KOHA)
Source of classification or shelving scheme Clasificación Local
Koha item type Tesis
Existencias
Withdrawn status Lost status Source of classification or shelving scheme Damaged status Not for loan Collection code Home library Current library Shelving location Date acquired Inventory number Total Checkouts Full call number Barcode Date last seen Copy number Price effective from Koha item type
    Clasificación Local   Préstamo Interno Trabajos de Grado e Investigación   Biblioteca UTECO En Estantería 09/09/2019 PGE-2006-023   ESP-GCE 2006 R67 PGE-2006-023 09/09/2019 Ej.1 09/09/2019 Tesis
© 2021 Derechos Reservados UTECO - Teléfono: +1 809-585-2291 - Correo electrónico: biblioteca@uteco.edu.do​  
Código postal 43000 ​​
Dirección: Avenida Universitaria No. 100, 
Cotuí, Provincia Sánchez Ramírez, República Dominicana - RNC: 404-00059-6